000 00812nam a22002057a 4500
005 20250705110812.0
008 250705b |||||||| |||| 00| 0 eng d
020 _a9788197595196
040 _cAL
041 _aeng
082 _a922 STAL
100 _a ST ALOYSIUS COLLEGE
_9217459
245 _aLeo Dsouza SJ
_b: A leonine achiever
260 _aMangalore
_bSt Aloysius Prakashana
_c2025
300 _a99p
_bPB
_c24x17.5cm
520 _aThis festschrift is a collection of reflections by his religious companions, professional colleagues and admiring students. St Aloysius College celebrated the 90 years’ eventful life of a world renowned Jesuit scientist, Fr Dr Leo D’Souza on Monday February 28. 2025
650 _aNinety Years 90
_9217444
650 _aNonagenarian
_9217445
942 _2ddc
_cDB
999 _c234582
_d234582